Normal view
MARC view
Entry Personal Name
001 - CONTROL NUMBER
- control field: 74873
003 - CONTROL NUMBER IDENTIFIER
- control field: OSt
005 - DATE AND TIME OF LATEST TRANSACTION
- control field: 20230310091616.0
008 - FIXED-LENGTH DATA ELEMENTS
- fixed length control field: 230310|| aca||aabn | a|a d
040 ## - CATALOGING SOURCE
- Original cataloging agency: OSt
- Transcribing agency: OSt
100 ## - HEADING--PERSONAL NAME
- Personal name: MCCONNELL (Campbell R)
670 ## - SOURCE DATA FOUND
- Source citation: Work cat.: (OSt)128198: MCCONNELL (Campbell R), Economics: principles problems and policies, 1977